Nintendo 64 Switch Online Games - Statistics

General Stats
  • This quiz has been taken 43 times
    36 since last reset
  • The average score is 16 of 28
Answer Stats
Hint Answer % Correct
Nintendo, 1997, Racing Mario Kart 64
100%
Nintendo, 1996, Platformer Super Mario 64
100%
Nintendo/Hudson, 1999, Party Mario Party
92%
Nintendo/Hudson, 2000, Party Mario Party 2
85%
Nintendo/Hudson, 2001, Party Mario Party 3
85%
Nintendo/Rare, 1998, Platformer Banjo-Kazooie
77%
Nintendo, 2000, Action-Adventure The Legend of Zelda: Majora's Mask
77%
Nintendo, 1998, Action-Adventure The Legend of Zelda: Ocarina of Time
77%
Nintendo/Rare, 1997, FPS Goldeneye 007
69%
Nintendo, 2001, Puzzle Dr. Mario
62%
Nintendo/Camelot, 1999, Sports Mario Golf
62%
Nintendo/Camelot, 2000, Sports Mario Tennis
62%
Nintendo, 2001, RPG Paper Mario
62%
Nintendo/HAL, 2000, Platformer Kirby 64: The Crystal Shards
54%
Nintendo, 1996, Flight Simulator Pilotwings 64
54%
Nintendo/HAL, 2000, Strategy/Party Pokémon Stadium
54%
Nintendo, 1997, Rail Shooter Star Fox 64
54%
Nintendo/HAL, 1999, Rail-Shooter/Photography Pokémon Snap
46%
Nintendo/HAL, 2001, Stategy/Party Pokémon Stadium 2
46%
Nintendo, 1998, Racing F-Zero X
38%
Nintendo, 2000, Puzzle Pokémon Puzzle League
38%
Nintendo/Treasure, 2000, Rail Shooter/Shooting Gallery Sin and Punishment
31%
Nintendo, 1996, Racing Wave Race 64
31%
Nintendo, 1998, Platformer Yoshi's Story
31%
Nintendo, 2000, Racing Excitebike 64
23%
Nintendo, 1998, Racing 1080° Snowboarding
15%
Rare, 1999, Action Jet Force Gemini
15%
Koei, 1999, Third-Person Shooter Winback
15%
No matching quizzes found
Score Distribution
Percent of People with Each Score
Percentile by Number Answered
Your Score History
You have not taken this quiz since the last reset